000 00364nam a2200157Ia 4500
003 OSt
005 20240208154017.0
008 170523s9999 xx 000 0 und d
020 _a 9788174462152.
040 _ciimt university meerut
100 _aADHIKARI- M
245 0 _aMANAGERIAL ECONOMIC
260 _bKHOSLA PUBLICATION
260 _c1995
942 _2ddc
_c02
999 _c424
_d424